[Event "Titled Tue 27th May Late"]
[Site "chess.com INT"]
[Date "2025.05.27"]
[Round "4"]
[White "Jing, Andrew"]
[Black "Brown, Akeem"]
[Result "1-0"]
[WhiteTitle "FM"]
[BlackTitle "CM"]
[WhiteElo "2254"]
[BlackElo "2055"]
[WhiteFideId "30984076"]
[BlackFideId "7402023"]
[EventDate "2025.05.27"]

1. e4 e5 2. Nf3 Nf6 3. Nxe5 d6 4. Nf3 Nxe4 5. d4 d5 6. Bd3 Bd6 7. O-O O-O 8.
Nbd2 Nxd2 9. Bxd2 Bg4 10. h3 Bh5 11. c3 Nd7 12. Be2 c6 13. Qb3 Qc7 14. Rae1 Rfe8
15. Bd1 Nf6 16. Qc2 Ne4 17. Be3 Bg6 18. Qc1 Re7 19. Bc2 Rae8 20. Nh4 f5 21. Nxg6
hxg6 22. Kh1 f4 23. Bd2 f3 24. gxf3 Nxd2 25. Qxd2 Bf4 26. Rxe7 Rxe7 27. Qd3 Qd7
28. Kg2 Re6 29. Rh1 Qe7 30. h4 Bh6 31. Rh3 Qf6 32. Kf1 Kf7 33. h5 gxh5 34. Rxh5
Qf4 35. Rf5+ 1-0

[Event "Titled Tue 27th May Late"]
[Site "chess.com INT"]
[Date "2025.05.27"]
[Round "4"]
[White "Guliev, Gasan"]
[Black "Popovic, Dobrivoj"]
[Result "1-0"]
[WhiteTitle "CM"]
[BlackTitle "CM"]
[WhiteElo "2123"]
[BlackElo "1945"]
[WhiteFideId "34165638"]
[BlackFideId "907103"]
[EventDate "2025.05.27"]

1. d4 g6 2. h4 h5 3. Nf3 Bg7 4. Nc3 d6 5. e4 Nf6 6. Bg5 O-O 7. Qd2 c6 8. O-O-O
b5 9. e5 Ne8 10. Bh6 d5 11. Bxg7 Nxg7 12. Bd3 a5 13. Qh6 Ne6 14. Bxg6 fxg6 15.
Qxg6+ Kh8 16. Ng5 Nxg5 17. hxg5 Bg4 18. Rxh5+ Bxh5 19. Qxh5+ Kg7 20. Qh6+ Kf7
21. e6+ Kg8 22. Qg6+ 1-0

[Event "Titled Tue 27th May Late"]
[Site "chess.com INT"]
[Date "2025.05.27"]
[Round "4"]
[White "Caprio, Guido"]
[Black "Demchenko, Anton"]
[Result "0-1"]
[WhiteTitle "IM"]
[BlackTitle "GM"]
[WhiteElo "2435"]
[BlackElo "2619"]
[WhiteFideId "834580"]
[BlackFideId "4160258"]
[EventDate "2025.05.27"]

1. d4 Nf6 2. c4 d6 3. Nf3 Nc6 4. d5 Ne5 5. Nc3 e6 6. Nxe5 dxe5 7. e4 Bc5 8. Be2
O-O 9. O-O c6 10. dxc6 bxc6 11. Na4 Bd4 12. Qc2 c5 13. Kh1 Bb7 14. f3 Nh5 15. g3
f5 16. Bd3 Qf6 17. Bd2 Qg6 18. Bc3 fxe4 19. Bxe4 Rxf3 20. Bxg6 Rxf1# 0-1

[Event "Titled Tue 27th May Late"]
[Site "chess.com INT"]
[Date "2025.05.27"]
[Round "4"]
[White "Piesik, Piotr"]
[Black "Graif, William"]
[Result "1-0"]
[WhiteTitle "IM"]
[BlackTitle "FM"]
[WhiteElo "2436"]
[BlackElo "2211"]
[WhiteFideId "1136194"]
[BlackFideId "2609835"]
[EventDate "2025.05.27"]

1. Nf3 Nf6 2. g3 d5 3. Bg2 c6 4. O-O Bg4 5. d3 Nbd7 6. Nbd2 e5 7. e4 dxe4 8.
dxe4 Qc7 9. h3 Bh5 10. Qe1 Be7 11. Nh4 Bg6 12. a4 O-O 13. Nxg6 hxg6 14. Nc4 Nb6
15. Ne3 Rad8 16. a5 Nc8 17. Nc4 b5 18. axb6 axb6 19. Be3 b5 20. Qa5 Qb7 21. Nd2
Nd6 22. Qc3 Ra8 23. Qxe5 Rfe8 24. Rxa8 Qxa8 25. Qc3 Nd7 26. e5 Nc4 27. Nxc4 bxc4
28. Rd1 1-0

[Event "Titled Tue 27th May Late"]
[Site "chess.com INT"]
[Date "2025.05.27"]
[Round "4"]
[White "Perry, Patrick"]
[Black "Haussernot, Cecile"]
[Result "0-1"]
[BlackTitle "WIM"]
[WhiteElo "2296"]
[BlackElo "2108"]
[WhiteFideId "30917727"]
[BlackFideId "601632"]
[EventDate "2025.05.27"]

1. e4 e5 2. Nf3 Nf6 3. Nxe5 d6 4. Nc4 Nxe4 5. Qe2 Qe7 6. d3 Nf6 7. Qxe7+ Bxe7 8.
Nc3 O-O 9. Be2 Nc6 10. O-O a6 11. a4 Be6 12. Ne3 Nd4 13. Bd1 c5 14. Ne2 b5 15.
c3 Nb3 16. Bxb3 Bxb3 17. a5 Be6 18. Nf4 d5 19. Nxe6 fxe6 20. d4 cxd4 21. cxd4
Rac8 22. Bd2 Ne4 23. Rfd1 Rxf2 24. Be1 Rxb2 25. Rdc1 Rxc1 26. Rxc1 Kf7 27. Ng4
Bg5 28. Ne5+ Kf6 29. Rc7 Be3+ 30. Kf1 Bxd4 31. Ng4+ Kg6 32. h3 h5 0-1

[Event "Titled Tue 27th May Late"]
[Site "chess.com INT"]
[Date "2025.05.27"]
[Round "4"]
[White "Zuferi, Enis"]
[Black "Andrade, Ivan"]
[Result "1-0"]
[WhiteTitle "FM"]
[BlackTitle "FM"]
[WhiteElo "2351"]
[BlackElo "2161"]
[WhiteFideId "24692530"]
[BlackFideId "14800039"]
[EventDate "2025.05.27"]

1. d4 Nf6 2. c4 e6 3. Nc3 Bb4 4. e3 O-O 5. Bd3 d5 6. cxd5 exd5 7. a3 Bxc3+ 8.
bxc3 b6 9. Ne2 Ba6 10. Bxa6 Nxa6 11. O-O c6 12. Ng3 Re8 13. f3 Nc7 14. Ra2 Nb5
15. Qd3 Nd6 16. Re2 Qc7 17. e4 Nc4 18. e5 Nd7 19. f4 Nf8 20. f5 Rad8 21. Nh5 g6
22. Nf6+ Kh8 23. Nxe8 Rxe8 24. Bg5 1-0

[Event "Titled Tue 27th May Late"]
[Site "chess.com INT"]
[Date "2025.05.27"]
[Round "4"]
[White "Ozates, Tuna"]
[Black "Pakleza, Zbigniew"]
[Result "1-0"]
[WhiteTitle "FM"]
[BlackTitle "GM"]
[WhiteElo "2217"]
[BlackElo "2484"]
[WhiteFideId "6354521"]
[BlackFideId "1119290"]
[EventDate "2025.05.27"]

1. d4 d6 2. Nf3 g6 3. e4 c6 4. Bd3 e6 5. O-O b6 6. c4 a6 7. Nc3 f6 8. Re1 Ne7 9.
e5 dxe5 10. Ne4 Bg7 11. dxe5 fxe5 12. Bg5 O-O 13. Qd2 Nd7 14. Rad1 Nc5 15. Nxc5
bxc5 16. Be4 Qxd2 17. Rxd2 Nf5 18. Bxc6 Rb8 19. Nxe5 Nd4 20. Ba4 Rf5 21. f4 h6
22. Be7 Rxf4 23. Bxc5 Bb7 24. Bxd4 1-0

[Event "Titled Tue 27th May Late"]
[Site "chess.com INT"]
[Date "2025.05.27"]
[Round "4"]
[White "Gergacz, Attila"]
[Black "Ruchinskaya, Valerie"]
[Result "1-0"]
[WhiteTitle "IM"]
[BlackTitle "WCM"]
[WhiteElo "2383"]
[BlackElo "1908"]
[WhiteFideId "730157"]
[BlackFideId "2631440"]
[EventDate "2025.05.27"]

1. e4 e6 2. d3 d5 3. Nd2 Nf6 4. Ngf3 c5 5. g3 g6 6. Bg2 Bg7 7. O-O O-O 8. e5
Nfd7 9. Re1 Nc6 10. Nb3 Qc7 11. Bf4 b6 12. Qe2 Ba6 13. h4 c4 14. Nbd4 cxd3 15.
cxd3 Nb4 16. Red1 Rac8 17. Rac1 Qb7 18. a3 Rxc1 19. Bxc1 Nc6 20. Bf4 Rc8 21. h5
Nxd4 22. Nxd4 Nb8 23. Bh3 Rc7 24. Qf3 Nc6 25. Nxe6 fxe6 26. Bxe6+ Kh8 27. h6 Bf8
28. Bg5 1-0

[Event "Titled Tue 27th May Late"]
[Site "chess.com INT"]
[Date "2025.05.27"]
[Round "4"]
[White "Iskusnyh, Sergei"]
[Black "Sharankov, Grigory"]
[Result "0-1"]
[WhiteTitle "GM"]
[BlackTitle "CM"]
[WhiteElo "2440"]
[BlackElo "2238"]
[WhiteFideId "4120027"]
[BlackFideId "4168356"]
[EventDate "2025.05.27"]

1. d4 d5 2. c4 e6 3. g3 Nf6 4. Bg2 Be7 5. Nf3 O-O 6. Qc2 dxc4 7. Qxc4 b6 8. Ne5
Nd5 9. Nc3 Ba6 10. Qb3 c6 11. Bd2 f6 12. Nxc6 Nxc6 13. Nxd5 Nxd4 14. Nxe7+ Qxe7
15. Qa4 Rad8 16. Bb4 Qxb4+ 17. Qxb4 Nc2+ 18. Kf1 Nxb4 19. Bf3 Rd2 20. a3 Nc2 21.
Re1 Nxe1 0-1

[Event "Titled Tue 27th May Late"]
[Site "chess.com INT"]
[Date "2025.05.27"]
[Round "4"]
[White "Garcia Correa, Jose Ricardo"]
[Black "Arkell, Keith C"]
[Result "0-1"]
[WhiteTitle "FM"]
[BlackTitle "GM"]
[WhiteElo "2103"]
[BlackElo "2342"]
[WhiteFideId "5101832"]
[BlackFideId "400270"]
[EventDate "2025.05.27"]

1. e4 c6 2. d4 d5 3. Nc3 dxe4 4. Nxe4 Nd7 5. Nf3 Ngf6 6. Neg5 h6 7. Nh3 g5 8.
Nhg1 Bg7 9. c3 c5 10. dxc5 Nxc5 11. Qxd8+ Kxd8 12. Ne5 Be6 13. Be3 Nfd7 14. Nxd7
Nxd7 15. Nf3 Bd5 16. O-O-O Bxf3 17. gxf3 Kc7 18. f4 Bf6 19. Bh3 Nb6 20. Rd2 Rad8
21. Rhd1 Rxd2 22. Rxd2 e6 23. Bg2 Nc4 24. Rd3 Nxe3 25. fxe3 Rg8 26. Be4 g4 27.
Bg2 h5 28. e4 h4 29. Kd1 e5 30. f5 Bg5 31. h3 Bf4 32. hxg4 Rxg4 33. Bh3 Rg1+ 34.
Kc2 Rh1 35. Kb3 Rh2 36. f6 Bc1 37. Rd7+ Kc6 38. Bf5 Rxb2+ 39. Kc4 b5+ 40. Kd3
Rd2+ 0-1

[Event "Titled Tue 27th May Late"]
[Site "chess.com INT"]
[Date "2025.05.27"]
[Round "4"]
[White "Garcia Garcia, Samuel 2002 I"]
[Black "Hadzovic, Amir"]
[Result "0-1"]
[WhiteTitle "CM"]
[BlackTitle "FM"]
[WhiteElo "2096"]
[BlackElo "2354"]
[WhiteFideId "24576158"]
[BlackFideId "14402300"]
[EventDate "2025.05.27"]

1. d4 d6 2. Nf3 Nf6 3. c4 g6 4. Nc3 Bg7 5. e4 O-O 6. Be2 e5 7. d5 Nbd7 8. Be3
Ne8 9. Nd2 f5 10. f3 Ndf6 11. O-O Rf7 12. b4 Bf8 13. c5 f4 14. Bf2 g5 15. Rc1
Rg7 16. h3 h5 17. Nc4 g4 18. fxg4 hxg4 19. hxg4 Bxg4 20. cxd6 cxd6 21. Re1 Rc8
22. Bxa7 Rxc4 23. Bxg4 Nxg4 24. Qd3 Rc8 25. Nb5 Rxc1 26. Rxc1 Qh4 27. Qh3 Qxh3
28. gxh3 Ngf6+ 29. Kf1 Nxe4 30. Rc8 N8f6 31. Bb8 Nxd5 32. Nxd6 Ng3+ 33. Ke1 Nxb4
34. Nc4 f3 35. Bd6 Rf7 36. Bxb4 f2+ 37. Kd2 f1=Q 38. Nxe5 Qe2+ 0-1

[Event "Titled Tue 27th May Late"]
[Site "chess.com INT"]
[Date "2025.05.27"]
[Round "4"]
[White "Mahdavi, Reza"]
[Black "Ragger, Markus"]
[Result "1-0"]
[WhiteTitle "IM"]
[BlackTitle "GM"]
[WhiteElo "2445"]
[BlackElo "2566"]
[WhiteFideId "12595926"]
[BlackFideId "1610856"]
[EventDate "2025.05.27"]

1. e4 e5 2. Nf3 Nc6 3. Nc3 Nf6 4. Nd5 Bc5 5. c3 O-O 6. d3 Nxd5 7. exd5 Ne7 8.
Nxe5 Nxd5 9. d4 Be7 10. Qf3 Nf6 11. Bd3 d6 12. Nc4 Bg4 13. Qxb7 Rb8 14. Qc6 d5
15. Ne5 Bd6 16. O-O Be6 17. Bg5 h6 18. Bh4 Rxb2 19. Qa4 Qe8 20. Qd1 Bxe5 21.
dxe5 Nd7 22. f4 f5 23. exf6 Nxf6 24. Qf3 Bg4 25. Qg3 Qh5 26. Rae1 Be2 27. Rf2
Ne4 28. Bxe4 dxe4 29. Be7 Re8 30. Bf6 Qf7 31. Bd4 c5 32. Be5 Rxe5 33. fxe5 Qc4
34. Qe3 Rc2 35. Rfxe2 Rxc3 36. Qxe4 Qxe4 37. Rxe4 1-0

[Event "Titled Tue 27th May Late"]
[Site "chess.com INT"]
[Date "2025.05.27"]
[Round "4"]
[White "Atis, Hasan"]
[Black "Moreira, Ronaldo Alonso"]
[Result "1-0"]
[WhiteTitle "CM"]
[WhiteElo "2089"]
[BlackElo "2097"]
[WhiteFideId "44598017"]
[BlackFideId "2110547"]
[EventDate "2025.05.27"]

1. e4 e6 2. Qe2 c6 3. e5 d5 4. d4 a6 5. f4 c5 6. Nf3 Nc6 7. c3 Qb6 8. Qf2 Nh6 9.
h3 cxd4 10. g4 Bc5 11. b4 Be7 12. a3 f6 13. cxd4 O-O 14. Bd3 fxe5 15. dxe5 Qxf2+
16. Kxf2 g5 17. Kg3 gxf4+ 18. Bxf4 Nf7 19. Nbd2 Bd7 20. Nb3 Nh8 21. h4 Ng6 22.
Bxg6 hxg6 23. h5 gxh5 24. Rxh5 Rxf4 25. Kxf4 Rf8+ 26. Kg3 Bd8 27. Rah1 Bc7 28.
Rh8+ Kf7 29. R1h7+ 1-0

[Event "Titled Tue 27th May Late"]
[Site "chess.com INT"]
[Date "2025.05.27"]
[Round "4"]
[White "Dominguez, Ramiro"]
[Black "Barseghyan, Armen Ar."]
[Result "0-1"]
[WhiteTitle "FM"]
[BlackTitle "IM"]
[WhiteElo "2185"]
[BlackElo "2348"]
[WhiteFideId "4420055"]
[BlackFideId "13306707"]
[EventDate "2025.05.27"]

1. e4 c5 2. Ne2 Nc6 3. g3 g6 4. Bg2 Bg7 5. c3 e6 6. d4 cxd4 7. cxd4 Nge7 8. d5
exd5 9. exd5 Ne5 10. O-O O-O 11. Nbc3 d6 12. h3 Bd7 13. Bf4 Rc8 14. Rc1 Nf5 15.
b3 Qa5 16. Qd2 Rfe8 17. Rfe1 h5 18. Ne4 Qxd2 19. Bxd2 Nd3 20. Rxc8 Rxc8 21. Rd1
Rc2 22. Nf4 Nxf4 23. Bxf4 Rxa2 24. Nxd6 Nxd6 25. Bxd6 a5 26. Bc7 b5 27. d6 a4
28. bxa4 bxa4 29. Re1 Bf6 30. Bd5 Rd2 31. Bc4 a3 32. Kg2 a2 33. Bxa2 Rxa2 34.
Rd1 Ra4 35. h4 Rd4 36. Rxd4 Bxd4 37. f3 Kf8 38. Bb8 Ke8 39. Bc7 Bc6 40. Bb8 Kd7
41. Bc7 Be5 42. g4 Bxd6 43. Bxd6 Kxd6 44. gxh5 gxh5 45. Kg3 Ke5 46. f4+ Kf5 0-1

[Event "Titled Tue 27th May Late"]
[Site "chess.com INT"]
[Date "2025.05.27"]
[Round "4"]
[White "Sakmak, Kutay"]
[Black "Schuster, Karsten"]
[Result "0-1"]
[WhiteTitle "CM"]
[BlackTitle "FM"]
[WhiteElo "2158"]
[BlackElo "2266"]
[WhiteFideId "44581939"]
[BlackFideId "4611071"]
[EventDate "2025.05.27"]

1. e4 d5 2. exd5 Qxd5 3. Nc3 Qd8 4. d4 Nf6 5. Bc4 Bf5 6. Nf3 e6 7. Ne5 c6 8. g4
Be4 9. f3 Bd5 10. g5 Nfd7 11. Bxd5 cxd5 12. Bf4 Nxe5 13. dxe5 Bb4 14. O-O Nc6
15. Ne2 Bc5+ 16. Kh1 g6 17. c3 Be7 18. h4 h6 19. gxh6 Bxh4 20. Kg2 Bg5 21. Qd2
Bxf4 22. Qxf4 Qc7 23. Rae1 Qxe5 24. Qh4 Qh5 25. Qf6 Rxh6 26. Rh1 g5 27. Qxh6
Qxh6 28. Rxh6 Ke7 29. Ng3 Rg8 30. Nf5+ Kd7 31. Nd4 Ne7 32. Rh7 Ke8 33. Nxe6 Ng6
34. Nxg5+ Kd7 35. Rxf7+ Kc6 36. Re6+ Kb5 37. Rxb7+ Kc4 38. Kf2 Nf4 39. Rc6+ Kd3
40. Ne6 Nh3+ 41. Ke1 Rg1# 0-1

[Event "Titled Tue 27th May Late"]
[Site "chess.com INT"]
[Date "2025.05.27"]
[Round "4"]
[White "Silva, Pedro Gil Ferreira Da"]
[Black "Kochavi, Dana"]
[Result "0-1"]
[WhiteTitle "FM"]
[BlackTitle "FM"]
[WhiteElo "2262"]
[BlackElo "2226"]
[WhiteFideId "1946102"]
[BlackFideId "2837137"]
[EventDate "2025.05.27"]

1. e4 c6 2. d4 d5 3. exd5 cxd5 4. Bd3 Nc6 5. c3 g6 6. Bf4 Bf5 7. Nf3 Bxd3 8.
Qxd3 Bg7 9. Nbd2 Nf6 10. O-O O-O 11. Rae1 a6 12. Ne5 Rc8 13. Ndf3 b5 14. a3 Na5
15. g4 Nc4 16. Nxc4 bxc4 17. Qe2 Nxg4 18. Qxe7 Qb6 19. Qb4 Rc6 20. h3 Qxb4 21.
axb4 Rf6 22. Bg3 Rxf3 23. hxg4 h5 24. gxh5 gxh5 25. Ra1 Rf6 26. Rfe1 Rg6 27. Kh2
f5 28. Be5 Bh6 29. Rg1 Rxg1 30. Rxg1+ Kf7 31. Ra1 Ra8 32. Ra5 Ke6 33. Rc5 Bc1
34. Rc6+ Ke7 35. Rc7+ Ke6 36. Rc6+ Ke7 37. Rd6 Bxb2 38. Rxd5 Bxc3 39. Rc5 Bxb4
40. Rxc4 a5 41. Rc7+ Ke6 42. Rc6+ Kd5 43. Rf6 Ke4 44. Rg6 a4 45. Rg1 a3 46. Re1+
Bxe1 0-1

[Event "Titled Tue 27th May Late"]
[Site "chess.com INT"]
[Date "2025.05.27"]
[Round "4"]
[White "Kucza, Karol"]
[Black "Kilic, Eray"]
[Result "0-1"]
[WhiteTitle "FM"]
[BlackTitle "IM"]
[WhiteElo "2316"]
[BlackElo "2469"]
[WhiteFideId "1159755"]
[BlackFideId "44517173"]
[EventDate "2025.05.27"]

1. e4 e5 2. Nf3 d5 3. Nxe5 Bd6 4. d4 dxe4 5. Bc4 Bxe5 6. Qh5 Qe7 7. Qxe5 Qxe5 8.
dxe5 Nc6 9. Nc3 Bf5 10. Bf4 Nge7 11. e6 fxe6 12. Bxc7 Rc8 13. Bd6 Nd4 14. Bb3 e3
15. fxe3 Nxc2+ 16. Bxc2 Bxc2 17. O-O Nf5 18. Be5 O-O 19. e4 Ne3 20. Rxf8+ Rxf8
21. Bd4 Nc4 22. b3 Nd2 23. Bxa7 Rc8 24. Bd4 Nxe4 25. Nxe4 Bxe4 26. Re1 Bd5 27.
Re2 h5 28. h4 Kh7 29. Kf2 Rf8+ 30. Ke3 Rf1 31. Be5 Kg6 32. Kd4 b6 33. Bc7 Rd1+
34. Ke5 b5 35. g3 Rd3 36. a4 b4 37. a5 Rxb3 38. Kd4 Ra3 39. Rb2 b3 40. Kc3 Ra4
41. Rxb3 Rc4+ 42. Kb2 Rxc7 43. Rb4 Ra7 44. Ra4 e5 45. Kc3 Kf5 46. Kb4 Rc7 47. a6
Rc4+ 0-1

[Event "Titled Tue 27th May Late"]
[Site "chess.com INT"]
[Date "2025.05.27"]
[Round "4"]
[White "Mendes Aaron Reeve"]
[Black "Carlsson, Ludvig"]
[Result "0-1"]
[WhiteTitle "IM"]
[BlackTitle "IM"]
[WhiteElo "2335"]
[BlackElo "2374"]
[WhiteFideId "25954938"]
[BlackFideId "1727010"]
[EventDate "2025.05.27"]

1. e4 e5 2. Nf3 Nf6 3. d4 Nxe4 4. dxe5 d5 5. c4 Bb4+ 6. Nbd2 O-O 7. Qc2 Bf5 8.
Bd3 Nxd2 9. Bxd2 Bxd3 10. Qxd3 Bxd2+ 11. Nxd2 dxc4 12. Qxd8 Rxd8 13. Nxc4 Nc6
14. a4 Rd4 15. Rc1 Re8 16. O-O g5 17. g3 g4 18. Rfe1 h5 19. Kg2 Re6 20. h3 Kg7
21. hxg4 hxg4 22. b3 Kg6 23. Rc3 a6 24. Rec1 Re4 25. f4 gxf3+ 26. Kxf3 Rd4 27.
Re3 b5 28. axb5 axb5 29. Na3 Nxe5+ 30. Ke2 c6 31. Rc5 f6 32. Nc2 Rdd6 33. Nb4
Ng4 34. Rxe6 Rxe6+ 35. Kf3 Ne5+ 36. Ke4 Nd7+ 37. Kd4 Rd6+ 0-1

[Event "Titled Tue 27th May Late"]
[Site "chess.com INT"]
[Date "2025.05.27"]
[Round "4"]
[White "Ismagilov, Damir"]
[Black "Shirov, Alexei"]
[Result "0-1"]
[WhiteTitle "CM"]
[BlackTitle "GM"]
[WhiteElo "2173"]
[BlackElo "2620"]
[WhiteFideId "34199982"]
[BlackFideId "2209390"]
[EventDate "2025.05.27"]

1. d4 d5 2. c4 c6 3. Nc3 Nf6 4. Nf3 e6 5. Bg5 dxc4 6. e4 b5 7. e5 h6 8. Bh4 g5
9. Nxg5 hxg5 10. Bxg5 Nbd7 11. exf6 Bb7 12. h4 Qb6 13. Qc2 c5 14. a4 cxd4 15.
Nxb5 Rc8 16. Bxc4 a6 17. O-O Qc6 18. f3 axb5 19. axb5 Qxc4 20. Qf2 Bc5 21. Rfc1
d3 22. Be3 Qxh4 23. Qxh4 Bxe3+ 24. Qf2 Rxc1+ 25. Rxc1 Bxf2+ 26. Kxf2 Rh5 27. Ke3
Rxb5 28. Kxd3 Nxf6 0-1

[Event "Titled Tue 27th May Late"]
[Site "chess.com INT"]
[Date "2025.05.27"]
[Round "4"]
[White "Bagchi, Sounak"]
[Black "Petersson, Kjell"]
[Result "1-0"]
[BlackTitle "CM"]
[WhiteElo "2030"]
[BlackElo "2068"]
[WhiteFideId "30970059"]
[BlackFideId "1705148"]
[EventDate "2025.05.27"]

1. e4 c5 2. d4 cxd4 3. c3 d5 4. exd5 Qxd5 5. Nf3 Nc6 6. Nxd4 e5 7. Nxc6 Qxd1+ 8.
Kxd1 bxc6 9. Bc4 Nf6 10. Bg5 Bc5 11. Bxf6 gxf6 12. Ke2 Ke7 13. Nd2 f5 14. f3 Rg8
15. g3 h5 16. Rae1 Be6 17. Bxe6 fxe6 18. Kd3 Rad8+ 19. Kc2 Kf6 20. Nc4 h4 21.
Nxe5 hxg3 22. hxg3 Rxg3 23. Rh6+ Kg7 24. Rxe6 Rg2+ 25. Kb3 Rb8+ 26. Kc4 Bf8 27.
b4 Rxa2 28. Rg6+ Kh7 29. Rh1+ Bh6 30. Rhxh6# 1-0

[Event "Titled Tue 27th May Late"]
[Site "chess.com INT"]
[Date "2025.05.27"]
[Round "4"]
[White "Novosel, Lovro"]
[Black "Veiga, Jose Francisco R P Neves"]
[Result "1/2-1/2"]
[WhiteTitle "FM"]
[BlackTitle "IM"]
[WhiteElo "2346"]
[BlackElo "2389"]
[WhiteFideId "14547120"]
[BlackFideId "1930087"]
[EventDate "2025.05.27"]

1. Nf3 g6 2. c4 Bg7 3. d4 d6 4. g3 Nf6 5. Bg2 O-O 6. O-O Bf5 7. b3 c5 8. Bb2 Nc6
9. Nc3 Ne4 10. Nd5 Bg4 11. Qc2 Bxf3 12. exf3 Nf6 13. dxc5 dxc5 14. Rad1 Nxd5 15.
Rxd5 Qa5 16. Bxg7 Kxg7 17. Qb2+ Kg8 18. f4 Rfd8 19. Qe2 e6 20. Rxd8+ Rxd8 21.
Bxc6 Rd2 22. Qe4 bxc6 23. Qxc6 Rxa2 24. Rd1 Ra1 25. Rxa1 Qxa1+ 26. Kg2 Qa5 27.
h4 h5 28. Qd6 Kg7 29. Qe5+ Kg8 30. Qb8+ Kg7 31. Kh2 Qa2 32. Qe5+ Kg8 33. Qxc5
Qxb3 34. Qc8+ Kg7 35. c5 Qf3 36. Kg1 Qd1+ 37. Kg2 Qd5+ 38. Kh2 Qf3 39. Kg1 Qd1+
40. Kg2 Qd5+ 41. Kf1 Qd1+ 42. Kg2 1/2-1/2

[Event "Titled Tue 27th May Late"]
[Site "chess.com INT"]
[Date "2025.05.27"]
[Round "4"]
[White "Makarian, Rudik"]
[Black "Sukandar, Irine Kharisma"]
[Result "1-0"]
[WhiteTitle "IM"]
[BlackTitle "IM"]
[WhiteElo "2532"]
[BlackElo "2330"]
[WhiteFideId "44105681"]
[BlackFideId "7101937"]
[EventDate "2025.05.27"]

1. b3 Nf6 2. Bb2 g6 3. Nf3 Bg7 4. e3 O-O 5. Be2 c5 6. O-O Nc6 7. c4 b6 8. d4
cxd4 9. Nxd4 Bb7 10. Bf3 Rc8 11. Nc3 Qc7 12. Rc1 Qb8 13. Qe2 Ne5 14. Bxb7 Qxb7
15. Rfd1 d6 16. h3 Ne4 17. Nd5 Rfe8 18. Nb5 a6 19. Nd4 h6 20. Rc2 Nc5 21. Nf3 e6
22. Nxe5 dxe5 23. Nc3 e4 24. Ba3 Nd3 25. Nxe4 Qxe4 26. Qxd3 Qh4 27. Rcd2 Qg5 28.
Bb2 e5 29. Qe4 Bf8 30. Rd5 f5 31. Qd3 f4 32. exf4 1-0

[Event "Titled Tue 27th May Late"]
[Site "chess.com INT"]
[Date "2025.05.27"]
[Round "4"]
[White "Ahmad, Khagan"]
[Black "Spitzl, Vinzent"]
[Result "1-0"]
[WhiteTitle "IM"]
[BlackTitle "FM"]
[WhiteElo "2405"]
[BlackElo "2355"]
[WhiteFideId "13431552"]
[BlackFideId "12901253"]
[EventDate "2025.05.27"]

1. d4 Nf6 2. c4 c5 3. d5 b5 4. cxb5 e6 5. Nc3 Bb7 6. e4 exd5 7. exd5 Bd6 8. Nf3
O-O 9. Bg5 h6 10. Bh4 Re8+ 11. Be2 Qa5 12. Bxf6 gxf6 13. O-O a6 14. Nh4 Qb4 15.
Nf5 Be5 16. Nxh6+ Kf8 17. Ng4 Qxb2 18. Nxe5 Rxe5 19. Qd3 d6 20. a3 axb5 21. Rfb1
c4 22. Qd4 Qc2 23. Rxb5 Ba6 24. Rb6 Nd7 25. Rxd6 Rd8 26. Rxa6 1-0

[Event "Titled Tue 27th May Late"]
[Site "chess.com INT"]
[Date "2025.05.27"]
[Round "4"]
[White "Swara Lakshmi S Nair"]
[Black "Da Matta, Eduardo Cesar"]
[Result "1-0"]
[WhiteTitle "WCM"]
[WhiteElo "2178"]
[BlackElo "2047"]
[WhiteFideId "25629239"]
[BlackFideId "2193108"]
[EventDate "2025.05.27"]

1. e4 c5 2. Nf3 d6 3. d4 cxd4 4. Qxd4 Nf6 5. Be2 Nc6 6. Qe3 e6 7. c4 Be7 8. O-O
O-O 9. Nc3 a6 10. Rd1 Qc7 11. b3 Ne5 12. Bb2 b6 13. Rac1 Bb7 14. h3 Rfd8 15. Na4
Ned7 16. e5 dxe5 17. Nxe5 Rab8 18. Nxd7 Nxd7 19. Bd4 Bc6 20. Nc3 h6 21. Nb5 axb5
22. cxb5 Bg5 23. Rxc6 Qxc6 24. bxc6 Bxe3 25. fxe3 Rbc8 26. cxd7 Rxd7 27. Bb5 Rd6
28. Ra1 Rc2 29. a4 e5 30. Bxe5 Rdd2 31. Bf1 Ra2 32. Rxa2 Rxa2 33. Bd4 Ra3 34.
Bc4 1-0

[Event "Titled Tue 27th May Late"]
[Site "chess.com INT"]
[Date "2025.05.27"]
[Round "4"]
[White "Storn, Justin"]
[Black "Kalyani Sirin"]
[Result "0-1"]
[BlackTitle "WFM"]
[WhiteElo "2073"]
[BlackElo "2136"]
[WhiteFideId "30922720"]
[BlackFideId "33323500"]
[EventDate "2025.05.27"]

1. Nf3 d5 2. c4 d4 3. g3 c5 4. b4 cxb4 5. a3 Nf6 6. axb4 g6 7. Bg2 Bg7 8. d3 O-O
9. O-O Re8 10. Nbd2 e5 11. Nb3 Qc7 12. Bb2 Nc6 13. b5 Nd8 14. Qd2 Ne6 15. e4 b6
16. Ba3 Bf8 17. Bxf8 Rxf8 18. Qb4 Nd7 19. Bh3 Ndc5 20. Rfd1 Nxb3 21. Bxe6 Nxa1
22. Bd5 Bg4 23. Rxa1 Bxf3 0-1

[Event "Titled Tue 27th May Late"]
[Site "chess.com INT"]
[Date "2025.05.27"]
[Round "4"]
[White "Hiermann, Dietmar"]
[Black "Papadopoulos, Georgios3"]
[Result "0-1"]
[WhiteTitle "FM"]
[BlackTitle "FM"]
[WhiteElo "2216"]
[BlackElo "2363"]
[WhiteFideId "1602918"]
[BlackFideId "4210271"]
[EventDate "2025.05.27"]

1. e4 e5 2. Nf3 Nc6 3. Bc4 Nf6 4. d3 h6 5. c3 d6 6. O-O g5 7. b4 Bg7 8. a4 O-O
9. Nbd2 Be6 10. Qb3 Qd7 11. Ba3 d5 12. exd5 Nxd5 13. b5 Na5 14. Qc2 Rfe8 15.
Rfe1 Bf5 16. Bxd5 Qxd5 17. Ne4 b6 18. c4 Qd7 19. Rad1 Bg4 20. Qe2 Nb3 21. h3 Nd4
22. Qe3 Bxf3 23. gxf3 Qxh3 24. Bb2 Nxf3+ 0-1